Zindagi (Record no. 529044)
[ view plain ]
| 000 -LEADER | |
|---|---|
| fixed length control field | 00526 a2200205 4500 |
| 003 - CONTROL NUMBER IDENTIFIER | |
| control field | Nust |
| 005 - DATE AND TIME OF LATEST TRANSACTION | |
| control field | 20190918151133.0 |
| 020 ## - INTERNATIONAL STANDARD BOOK NUMBER | |
| International Standard Book Number | 9695030424 |
| 038 ## - RECORD CONTENT LICENSOR | |
| Staff Name | MSOHAIL |
| 040 ## - CATALOGING SOURCE | |
| Transcribing agency | Nust |
| 082 ## - DEWEY DECIMAL CLASSIFICATION NUMBER | |
| Classification number | 891.439301 |
| 100 ## - MAIN ENTRY--PERSONAL NAME | |
| Personal name | Haq, Chaudhary Afzal |
| 9 (RLIN) | 20914 |
| 245 ## - TITLE STATEMENT | |
| Title | Zindagi |
| Statement of responsibility, etc. | Chaudhray Afzal Haq |
| 260 ## - PUBLICATION, DISTRIBUTION, ETC. | |
| Place of publication, distribution, etc. | Lahore |
| Name of publisher, distributor, etc. | Al-Fasial Publisher |
| Date of publication, distribution, etc. | 1993 |
| 300 ## - PHYSICAL DESCRIPTION | |
| Extent | 200 p |
| Other physical details | illus |
| Dimensions | 18 cm |
| 538 ## - SYSTEM DETAILS NOTE | |
| System details note | Almirah No.66, Shelf No.6 |
| 600 ## - SUBJECT ADDED ENTRY--PERSONAL NAME | |
| Personal name | Haq, Chaudhary Afzal |
| 9 (RLIN) | 20914 |
| 650 ## - SUBJECT ADDED ENTRY--TOPICAL TERM | |
| Topical term or geographic name entry element | Urdu Literature |
| 9 (RLIN) | 347 |
| 942 ## - ADDED ENTRY ELEMENTS (KOHA) | |
| Source of classification or shelving scheme | |
| Koha item type | Book |
| Withdrawn status | Lost status | Source of classification or shelving scheme | Damaged status | Not for loan | Permanent Location | Current Location | Date acquired | Total Checkouts | Total Renewals | Full call number | Barcode | Checked out | Date last seen | Date last checked out | Price effective from | Koha item type |
|---|---|---|---|---|---|---|---|---|---|---|---|---|---|---|---|---|
| School of Civil and Environmental Engineering (SCEE) | School of Civil and Environmental Engineering (SCEE) | 09/18/2019 | 1 | 2 | 891.439301 | NIT-10666 | 05/13/2026 | 09/24/2019 | 09/24/2019 | 09/18/2019 | Book |
